000 00567nam a2200205 a 4500
001 19246
003 CO-ViMGA
008 141112s2004 ck r 000 u spa d
020 _a8476728690
040 _aCO-ViMGA
_bspa
_cCO-ViMGA
082 0 4 _a883.2 H374t
100 1 _aHesiodo,
_927647
245 1 0 _aLa Teogonía
260 _aBarcelona :
_bEdicomunicación :
_b1995
300 _a121 p.
490 _aColección fontana : Clásicos universales
590 _aForma de adquisición : Premio Mincultura
650 1 4 _aPOESIA EPICA GRIEGA
_927648
942 _2ddc
_cBK
999 _c28408
_d28408